Znova vzrastá počet nehôd v podnikoch

Rozbor pracovnej úrazovosti na Slovensku za r. 1996. Smrteľné a ťažké pracovné úrazy (SPÚ a ŤPÚ). Ostatné pracovné úrazy. Hromadné pracovné úrazy. Prevádzkové nehody. Vývoj pracovnej úrazovosti v SR v období r. 1969-1996. Prehľad výskytu SPÚ a ŤPÚ podľa vekových kategórií za r. 1996.

Gespeichert in:
Bibliographische Detailangaben
1. Verfasser: Mičková, Ivana
Format: Buchkapitel
Sprache:Slowakisch
Schlagworte:
Tags: Tag hinzufügen
Keine Tags, Fügen Sie das erste Tag hinzu!

MARC

LEADER 00000naa a2200000 4500
001 r025933
005 20230824090331.8
041 0 |a slo 
044 |a SK 
245 1 0 |a Znova vzrastá počet nehôd v podnikoch  |c Ivana Mičková 
520 |a Rozbor pracovnej úrazovosti na Slovensku za r. 1996. Smrteľné a ťažké pracovné úrazy (SPÚ a ŤPÚ). Ostatné pracovné úrazy. Hromadné pracovné úrazy. Prevádzkové nehody. Vývoj pracovnej úrazovosti v SR v období r. 1969-1996. Prehľad výskytu SPÚ a ŤPÚ podľa vekových kategórií za r. 1996. 
610 2 0 |a Slovensko 
610 2 0 |a 1996 
610 2 0 |a úrazy pracovné 
610 2 0 |a nehody 
610 2 0 |a ochrana zdravia 
610 2 0 |a podnik 
100 1 |a Mičková, Ivana